000 01543ngm a22003850a 4500
001 PT23404
003 AR-LpoUNG
005 20210202000349.0
007 vd cvaizq
008 191001s2000||||xxu|||||||||||||||||eng d
037 _c$13.50
037 _c$23,3
040 _aAR-LpoUNG
_bspa
_cAR-LpoUNG
_eaacr
041 _aeng
044 _axxu
082 0 _a306.362 95esp
100 1 _aKubrick, Stanley
_edir.
245 1 0 _aEspartaco
250 _a1§ edición
260 _aFlorida :
_bUniversal Pictures,
_c2000.
300 _aDVD (160 min.) : son., col.
505 0 _aHecha en 1960. - Dialogos en ingles. - Subtitulos en cstellano, portugués, ingles, japonés, tailandes, coreano.
520 _aNarra la revuelta de un grupo de esclavos -que llegarían a ser legión-, liderados por el gladiador Espartaco, contra el imperio romano. La sublevación de Espartaco de Tracia, convertido en esclavo y vendido como gladiador al entrenador Léntulo Batiato comienza cuando, tras semanas de entrenamiento para matar en la arena, lidera una rebelión de los gladiadores. Mientras se mueven de una ciudad a otra su número aumenta, pues se le van uniendo nuevos esclavos liberados. Bajo su mando intentarán llegar al sur de Italia, donde tienen previsto embarcararse para volver a sus hogares.
650 4 _aCINE
650 4 _aDRAMA
650 4 _aESCLAVITUD
650 4 _aHISTORIA
650 4 _aROMA
651 4 _aItalia
653 _aACCION
653 _aDVD
653 _aVIDEOS
905 _a23404
942 _cDVD
999 _c54716
_d54716